000 00805nam a2200277Ia 4500
003 OSt
005 20220927105309.0
006 a|||||r|||| 00| 0
007 ta
008 220926b |||||||| |||| 00| 0 eng d
020 _a1859732666
024 _a160268
037 _cReference Collections
040 _aRTL
_cRTL
_beng
041 _2eng
_aeng
082 _a"Y16:3(MY2121).7913, N9"
100 _aArchetti Eduardo P
_9371480
245 0 _aMasculinities
_b" Football, Polo and Tango in Argentina"
260 _aOxford
_bBerg
_c1999
300 _a"xviii, 212p"
_ccm.
490 _aGlobal Issues
500 _aBibliography P 194-207
650 _aSociology
942 _h"Y16:3(MY2121).7913, N9"
_cCC
999 _c691657
_d691657